Open Data Biblioteca Nacional de Portugal


República Portuguesa: Ministério da Cultura
Biblioteca Nacional de Portugal

Catálogo da BNP: acesso por Identificadores Unívocos
Registos Bibliográficos associados ao registo de autoridade

Etiqueta de registo: 00254nkm 2200109 450
001 2143426
003 http://id.bnportugal.gov.pt/bib/catbnp/2143426
100 ## $a20230913f19201940am y0pory01030103ba
101 0# $apor
102 ## $aPT
200 1# $aPraia de Santa Cruz, Torres Vedras, Portugal$bVisual gráfico]
210 #9 $aTorres Vedras$cComissão de Iniciativa de Turismo de Torres Vedras ;$aLisboa$b(Rua D. Pedro V, 18)$cOcogravura, L.DA,$d[entre 1920 e 1940]
215 ## $a3 postais$csépia$d8,5x13,6 cm
306 ## $aDatação atribuída em conformidade como período de atividade do editor, conjugada com as caraterísticas formais do documento
327 11 $aII: Vista parcial (P.I. 17507 P.)$aVI: Varandinhas e pédra que-bóle (P.I. 18833 P.)$aVII: Ribas Altas (P.I. 19129 P.)
517 1# $a Vista parcial, Praia de Santa Cruz, Torres Vedras, Portugal
517 1# $aVarandinhas e pédra que-bóle, Praia de Santa Cruz, Torres Vedras, Portugal
518 1# $aPraia de Santa Cruz, Varandinhas e Pedra que Bóle
518 1# $aRibas Altas, Praia de Santa Cruz, Torres Vedras, Portugal
675 ## $a908(469.411Torres Vedras)"192"(084.0)$vBN$zpor$31883034
712 02 $aTorres Vedras.$bComissão de Iniciativa de Turismo $4650$31997881
712 02 $aOcogravura$4650$3443078
801 #0 $aPT$bBN$gRPC
966 ## $lBN$mICONOG$sP.I. 17507 P.$x2
966 ## $lBN$mICONOG$sP.I. 18833 P.$x2
966 ## $lBN$mICONOG$sP.I. 19129 P.$x2
971 ## $ciraminhos$d20230913
976 ## $d20260507$rfpinelo

OpendataBNP@bnportugal.pt | Mais informação sobre acesso aos dados BNP